| 000 | 00357nam a2200145 a 4500 | ||
|---|---|---|---|
| 008 | 971020s1974||||xx 0 und c | ||
| 040 |
_aSNK _bslo _cSNK _eAACR2 |
||
| 100 | 1 | _aHlaváč, Ľudovít | |
| 245 | 1 | 0 | _aSociálna fotografia na Slovensku |
| 260 |
_aBratislava _bPallas _c1974 |
||
| 300 | _a257 s. | ||
| 020 | _c60 | ||
| 044 |
_axo _cSK |
||
| 041 | _aslo | ||
| 999 |
_c14973 _d14973 |
||